书目信息 |
| 题名: |
微型计算机控制技术实用教程
|
|
| 作者: | 潘新民 , 王燕芳 编著 | |
| 分册: | ||
| 出版信息: | 北京 电子工业出版社 2006.01 |
|
| 页数: | 315页 | |
| 开本: | 26cm | |
| 丛书名: | ||
| 单 册: | ||
| 中图分类: | TP273 | |
| 科图分类: | ||
| 主题词: | 微型计算机--wei xing ji suan ji--计算机控制 | |
| 电子资源: | ||
| ISBN: | 7-121-02050-5 | |
| 000 | 01003nam0 2200241 450 | |
| 001 | 012006305796 | |
| 005 | 20060920161441.76 | |
| 010 | @a7-121-02050-5@dCNY29.00 | |
| 100 | @a20060627d2006 km y0chiy0120 ea | |
| 101 | 0 | @achi |
| 102 | @aCN@b110000 | |
| 105 | @aa a 000yy | |
| 200 | 1 | @a微型计算机控制技术实用教程@Awei xing ji suan ji kong zhi ji shu shi yong jiao cheng@f潘新民, 王燕芳编著@Fpan xin min,wang yan fang bian zhu |
| 210 | @a北京@c电子工业出版社@d2006.01 | |
| 215 | @a315页@c图@d26cm | |
| 320 | @a有书目 | |
| 330 | @a本书系统介绍了微型计算机在嵌入式系统中的各种应用技术。主要内容有:微型计算机控制系统的组成及分类、A/D和D/A转换、键盘接口技术、LED及LCD显示、报警技术、串行通信及其接口总线、数字滤波、PID控制、模糊控制、微型计算机控制系统设计方法及实例等。 | |
| 606 | 0 | @a微型计算机@Awei xing ji suan ji@x计算机控制 |
| 690 | @aTP273@v4 | |
| 701 | 0 | @a潘新民@Apan xin min@4编著 |
| 701 | 0 | @a王燕芳@Awang yan fang@4编著 |
| 801 | 0 | @aCN@bQSSK@c20060920 |
| 905 | @a10447@dTP273@eP254 | |
| 微型计算机控制技术实用教程/潘新民, 王燕芳编著.-北京:电子工业出版社,2006.01 |
| 315页:图;26cm |
| ISBN 7-121-02050-5:CNY29.00 |
| 本书系统介绍了微型计算机在嵌入式系统中的各种应用技术。主要内容有:微型计算机控制系统的组成及分类、A/D和D/A转换、键盘接口技术、LED及LCD显示、报警技术、串行通信及其接口总线、数字滤波、PID控制、模糊控制、微型计算机控制系统设计方法及实例等。 |
| ● |
| 相关链接 |
|
|
|
正题名:微型计算机控制技术实用教程
索取号:TP273/P254
 
预约/预借
| 序号 | 登录号 | 条形码 | 馆藏地/架位号 | 状态 | 备注 |
| 1 | 592368 | 205923688 | 自科二线404/404自科库 9排2列5层/ [索取号:TP273/P254] | 在馆 | |
| 2 | 592369 | 205923697 | 自科库301/301自科库 71排1列3层/ [索取号:TP273/P254] | 在馆 | |
| 3 | 592370 | 205923704 | 自科库301/301自科库 71排1列3层/ [索取号:TP273/P254] | 在馆 |